El cuadro de mando integral paso a paso: maximizar la gestión y mantener los resultados
Đã lưu trong:
| Tác giả chính: | |
|---|---|
| Tác giả khác: | |
| Định dạng: | Sách |
| Ngôn ngữ: | Tiếng Tây Ban Nha |
| Được phát hành: |
Barcelona
Gestión 2000
2003
|
| Những chủ đề: | |
| Các nhãn: |
Thêm thẻ
Không có thẻ, Là người đầu tiên thẻ bản ghi này!
|
MARC
| LEADER | 00000nam a2200000 a 4500 | ||
|---|---|---|---|
| 001 | UCL8485 | ||
| 003 | CL-VaPUC | ||
| 005 | 20230905074220.0 | ||
| 008 | 040625e20030000SP |||||||||||||||||spa|d | ||
| 999 | |c 309734 |d 309732 | ||
| 020 | |a 8480888725 | ||
| 040 | |c Pontificia Universidad Católica de Valparaíso | ||
| 082 | 0 | 4 | |a 658.4012 |b NIV |2 21 |
| 100 | |a Niven, Paul R. |e autor |9 486360 | ||
| 245 | 1 | 3 | |a El cuadro de mando integral paso a paso: maximizar la gestión y mantener los resultados |
| 260 | |a Barcelona |b Gestión 2000 |c 2003 | ||
| 300 | |a 414 p | ||
| 583 | |a last modification |c 20040625 00:00:00 |k Rodrigo Vera | ||
| 650 | 0 | |a Gestión administrativa |9 375217 | |
| 650 | 0 | |a Administración del personal |9 260442 | |
| 650 | 0 | |a Administración de empresas |9 260833 | |
| 650 | 0 | |a Planificación estratégica |9 259735 | |
| 650 | 0 | |a Toma de decisiones |9 257530 | |
| 700 | |a Kaplan, Robert S. |e prólogo |9 876000 | ||
| 942 | |c BK |2 ddc | ||
| 945 | |d 20040625 00:00:00 |a cmena | ||
| 952 | |0 0 |1 0 |4 0 |6 658_401200000000000_NIV_2003 |7 0 |8 A |9 377470 |a BIBING |b BIBING |d 2019-11-21 |i 4031334 |o 658.4012 NIV 2003 |p 4031334 |r 2025-01-20 |w 2019-11-21 |y BK |k EII | ||